| 000 | 00000nam 2200000zi 4500 |
| 001 | 9.882481 |
| 003 | CaOODSP |
| 005 | 20250107144054 |
| 006 | m o d f |
| 007 | cr ||||||||||| |
| 008 | 191127t20202020oncad obs f000 0 eng d |
| 020 | |a9780660333625 |
| 040 | |aCaOODSP|beng|erda|cCaOODSP |
| 043 | |an-cn--- |
| 086 | 1 |aHP35-126/2020E-PDF |
| 245 | 00|aRheumatoid arthritis in Canada. |
| 264 | 1|a[Ottawa] : |bPublic Health Agency of Canada = Agence de la santé publique du Canada, |c[2020] |
| 264 | 4|c©2020 |
| 300 | |a1 online resource (6 pages) : |billustrations, charts |
| 336 | |atext|btxt|2rdacontent |
| 337 | |acomputer|bc|2rdamedia |
| 338 | |aonline resource|bcr|2rdacarrier |
| 500 | |aCaption title. |
| 500 | |a"Pub.: 190472." |
| 500 | |aIssued also in HTML format. |
| 500 | |aIssued also in French under title: La polyarthrite rhumatoïde au Canada. |
| 504 | |aIncludes bibliographical references (page 6). |
| 520 | |a"Rheumatoid arthritis is the most common chronic inflammatory joint disease and is a leading cause of disability worldwide. People with rheumatoid arthritis are at a higher risk of mortality than the general population due to the associated comorbidities that present with this disease. There is no cure for rheumatoid arthritis, however, early diagnosis and treatment can reduce associated joint pain and symptoms, helping individuals to live active lives"--Page [1]. |
| 650 | 0|aRheumatoid arthritis|zCanada|vStatistics. |
| 655 | 7|aStatistics|2lcgft |
| 710 | 2 |aPublic Health Agency of Canada, |eissuing body. |
| 775 | 08|tLa polyarthrite rhumatoïde au Canada.|w(CaOODSP)9.882482 |
| 856 | 40|qPDF|s1.97 MB|uhttps://publications.gc.ca/collections/collection_2020/aspc-phac/HP35-126-2020-eng.pdf |
| 856 | 40|qHTML|sN/A|uhttps://www.canada.ca/en/public-health/services/publications/diseases-conditions/rheumatoid-arthritis.html |